000 002420000a22000970004500
100 1 _aHiebert, Paul G. (1932- )
245 1 0 _aThe church and ethnicity
300 _aNúm 66 (1994), Páginas 12-14
773 0 _tWorld Evangelization
942 _cANA
999 _c57758
_d57758